Sicílčan

Bibliographic Details
Main Author: Puzo, Mario, 1920-1999 (Author)
Other Authors: Žáryová, Magda, 1927-2009 (Translator)
Format: Book
Language:Slovak
English
PhysicalDescription:332 s. 21 cm
Published: Bratislava Smena 1987
Edition:1. vyd.
Subjects:

MARC

LEADER 00000cam a2200000 a 4500
001 vtls001123875
003 SK-MaSNL
005 20260301151456.0
008 250414s1987 xo g 0000f slo
015 |a SNBA1988/03 
035 |a SNK000066718 
035 |a urn:nbn:sk:snk-amjbg9 
035 |a urn:nbn:sk:snk-am002tsx 
035 |a 0FF8B7E8-C426-486C-A392-69500FC09D6C 
040 |a SNK  |b slo  |c SNK  |e AACR2 
041 1 |a slo  |h eng 
044 |a xo  |c SK 
080 |a 820 (73)-3  |2 1981 
100 1 |a Puzo, Mario,  |d 1920-1999  |4 aut  |9 89065 
240 1 4 |a The Sicilian  |l Slovensky 
245 1 0 |a Sicílčan  |c Mario Puzo ; [z angl. originálu ... prel. Magda Žáryová] 
250 |a 1. vyd. 
260 |a Bratislava  |b Smena  |c 1987  |e Bratislava  |f Pravda 
300 |a 332 s.  |c 21 cm 
366 |e 50000 výt. 
500 |a Ilustr. na predsádkach. Rozlož. tit. list. Mimo edície. 
655 7 |a psychologické romány  |2 SNKPH  |9 70762 
655 7 |a spoločenské romány  |2 SNKPH  |9 70538 
655 7 |a americké romány  |2 SNKPH  |9 1174 
700 1 |a Žáryová, Magda,  |d 1927-2009  |4 trl  |9 107891 
852 |a Slovenská národná knižnica 
954 |a beletria pôvodná (slovenská)  |2 lita 
958 |a LX 
958 |a TL 
958 |a UP 
968 |a SLO  |b ENG 
999 |c 786708  |d 788638 
952 |a SNK  |b SNK  |y VYP  |7 0  |p 17A1138474  |o snkSC 70774 D1  |i snkKSP 940/88  |0 0  |1 0  |4 0  |d 2015-02-24  |f 1  |l 0  |r 2026-02-24 01:23:20  |w 2026-02-24